Statistics for Tangled Quiz

Click here to take the quiz!

General Stats

  • This quiz has been taken 630 times
  • The average score is 6 of 10

Answer Stats

Hint Answer % Correct
What color is he?White
91%
How many years has Rapunzel been in her tower?17
86%
Who cuts Rapunzels hair off in the end?Flynn
84%
What color is Rapunzels dress?Purple
82%
What is her pets name?Pascal
75%
What kind of pet does Rapunzel have?chameleon
73%
What is the horses name?Maximus
72%
How old is Mother Gothel?400
14%
What is Flynn Riders real name?Eugene Fitzherbert
9%
What is the first song sung in the movie?Healing Incanation
3%

Score Distribution

Percentile by Number Answered

Percent of People with Each Score

Your Score History

You have not taken this quiz